000 00264nam a2200121Ia 4500
100 _aSchid/Francis
942 _cBK
654 _aNumerical
245 _aNumerical Analysis
260 _bMcGraw Hill.( Schaum''s)
_c1989
082 _a519.4
_bSCH
546 _aENGLISH
999 _c20761
_d20761